LEADER 01152nam0-22003851i-450 001 990006870460403321 005 20180220123911.0 035 $a000687046 035 $aFED01000687046 035 $a(Aleph)000687046FED01 035 $a000687046 100 $a20010426d1998----km-y0itay50------ba 101 0 $aita 102 $aIT 105 $ay-------001yy 200 1 $aBisogna difendere la società$fMichel Foucault$gsotto la direzione di François Ewald e Alessandro Fontana$ga cura di Mauro Bertani e Alessandro Fontana 210 $aMilano$cFeltrinelli$d1998 215 $a288 p.$d22 cm 225 1 $aCampi del sapere 610 0 $aPotere 610 0 $aGuerra$aPsicologia sociale 676 $a303.66 700 1$aFoucault,$bMichel$f<1926-1984>$0124914 702 1$aEwald,$bFrançois 702 1$aFontana,$bAlessandro$f<1939- > 702 1$aBertani,$bMauro 801 0$aIT$bUNINA$gRICA$2UNIMARC 901 $aBK 912 $a990006870460403321 952 $aIX A 963$b33299$fFSPBC 952 $aSDI-KS1370(bis)$bs.i.$fSDI 959 $aFSPBC 959 $aSDI 996 $aFaut défendre la société$925240 997 $aUNINA LEADER 02843nam 2200637 450 001 9910807391403321 005 20170816143334.0 010 $a1-4704-0236-X 035 $a(CKB)3360000000464831 035 $a(EBL)3114447 035 $a(SSID)ssj0001534328 035 $a(PQKBManifestationID)11860098 035 $a(PQKBTitleCode)TC0001534328 035 $a(PQKBWorkID)11494431 035 $a(PQKB)10633955 035 $a(SSID)ssj0000973446 035 $a(PQKBManifestationID)11948248 035 $a(PQKBTitleCode)TC0000973446 035 $a(PQKBWorkID)10959576 035 $a(PQKB)11431564 035 $a(MiAaPQ)EBC3114447 035 $a(RPAM)3561703 035 $a(PPN)195415310 035 $a(EXLCZ)993360000000464831 100 $a19980721h19981998 uy| 0 101 0 $aeng 135 $aur|n|---||||| 181 $ctxt 182 $cc 183 $acr 200 10$aAlmost automorphic and almost periodic dynamics in skew-product semiflows /$fWenxian Shen, Yingfei Yi 210 1$aProvidence, Rhode Island :$cAmerican Mathematical Society,$d[1998] 210 4$d©1998 215 $a1 online resource (111 p.) 225 1 $aMemoirs of the American Mathematical Society,$x0065-9266 ;$vnumber 647 300 $a"November 1998, volume 136, number 647 (second of 6 numbers)." 311 $a0-8218-0867-2 320 $aIncludes bibliographical references. 327 $a""Contents""; ""Acknowledgment""; ""Abstract""; ""Part I. Almost Automorphy and Almost Periodicity""; ""1. Introduction""; ""2. Topological dynamics""; ""3. Harmonics of almost automorphic functions""; ""4. References""; ""Part II. Skew-product Semiflows""; ""1. Introduction""; ""2. Flow extension""; ""3. Strongly order preserving dynamics""; ""4. Strong monotonicity""; ""5. References""; ""Part III. Applications to Differential Equations""; ""1. Introduction""; ""2. Skew-product flows or semiflows generated by differential equations"" 327 $a""3. Scalar ordinary differential equations and parabolic equations in 1-space dimension""""4. System of ordinary differential equations""; ""5. Parabolic equations in higher space dimensions""; ""6. Functional differential equations""; ""7. References"" 410 0$aMemoirs of the American Mathematical Society ;$vno. 647. 606 $aTopological dynamics 606 $aFlows (Differentiable dynamical systems) 615 0$aTopological dynamics. 615 0$aFlows (Differentiable dynamical systems) 676 $a510 s 676 $a514 700 $aShen$b Wenxian$f1961-$01683471 702 $aYi$b Yingfei$f1962- 801 0$bMiAaPQ 801 1$bMiAaPQ 801 2$bMiAaPQ 906 $aBOOK 912 $a9910807391403321 996 $aAlmost automorphic and almost periodic dynamics in skew-product semiflows$94054229 997 $aUNINA